=LDR 00000nam 2200000 4500 =001 INLIS000000000028212 =005 20130612130531 =008 ***********************************Ind** =035 ##$$0010-061300000028212 =041 ##$$a Ind =082 ##$$a 425 =090 ##$$a 425, Mur s =100 ##$$a Murdibjono =245 ##$$a Salah-benar dalam bahasa Inggris, Murdibjono; Arwijati Murdibjono =260 ##$$a 1989 $b Malang =300 ##$$a xii, 145 hlm, ilus, 20 cm =650 ##$$a Bahasa Inggris =850 ##$$a NBPNMAT